[Event "WchT Seniors 65"]
[Site "Struga"]
[Date "2023.09.24"]
[Round "6.3"]
[White "Patola, Eero"]
[Black "Olsson, Torgny"]
[Result "1-0"]
[WhiteElo "1769"]
[BlackElo "1792"]
[PlyCount "117"]
[EventDate "2023.09.19"]
[EventType "team-swiss"]
[EventRounds "9"]
[EventCountry "MKD"]
[SourceTitle "EXT 2024"]
[Source "ChessBase"]
[SourceDate "2023.10.10"]
[SourceVersion "1"]
[SourceVersionDate "2023.10.10"]
[SourceQuality "1"]
[WhiteTeam "Finland 65 II"]
[BlackTeam "Sweden Skane 65"]
[WhiteTeamCountry "FIN"]
[BlackTeamCountry "SWE"]

1. c4 Nf6 2. Nc3 e5 3. g3 Nc6 4. Bg2 Bc5 5. h3 a6 6. Nf3 h6 7. d3 0-0 8. 0-0 d6 9. e3 Re8 10. a3 e4 11. dxe4 Nxe4 12. Nxe4 Rxe4 13. Nd4 Qe8 14. Nxc6 bxc6 15. b4 Ba7 16. Qc2 Re7 17. Qc3 Rb8 18. Bb2 f6 19. Rad1 c5 20. Kh2 Re5 21. Rd5 Re6 22. Rfd1 Bb7 23. bxc5 Bxc5 24. R5d3 Bxg2 25. Kxg2 Qc8 26. R1d2 Qb7+ 27. f3 Qb6 28. Re2 Qb7 29. e4 Rbe8 30. Qb3 Qc6 31. Bc3 Ba7 32. Bd4 Rb8 33. Qc3 Bxd4 34. Qxd4 Rb6 35. Kf2 Re8 36. Qd5+ Kf8 37. Qxc6 Rxc6 38. Rc2 Rb8 39. Ke3 Ke7 40. f4 Rb1 41. Kd4 Rc5 42. g4 Kd7 43. Ke3 Rh1 44. Kd4 Rb1 45. Ke3 Kc6 46. Kf3 Ra1 47. Re3 Ra5 48. Rcc3 Kd7 49. Kg3 g6 50. Kh4 Rg1 51. f5 h5 52. fxg6 hxg4 53. Rg3 Rxg3 54. Rxg3 gxh3 55. Kxh3 Rh5+ 56. Kg4 Rh8 57. g7 Rg8 58. Kf5 Ke7 59. Kg6 1-0

[Event "WchT Seniors 65"]
[Site "Struga"]
[Date "2023.09.19"]
[Round "1.3"]
[White "Deubelbeiss, Rene"]
[Black "Olsson, Torgny"]
[Result "1-0"]
[WhiteElo "1929"]
[BlackElo "1792"]
[PlyCount "91"]
[EventDate "2023.09.19"]
[EventType "team-swiss"]
[EventRounds "9"]
[EventCountry "MKD"]
[SourceTitle "EXT 2024"]
[Source "ChessBase"]
[SourceDate "2023.10.10"]
[SourceVersion "1"]
[SourceVersionDate "2023.10.10"]
[SourceQuality "1"]
[WhiteTeam "Switzerland Riehen 65"]
[BlackTeam "Sweden Skane 65"]
[WhiteTeamCountry "SUI"]
[BlackTeamCountry "SWE"]

1. c4 b6 2. e4 Bb7 3. Nc3 e5 4. Nf3 d6 5. d3 h6 6. Be3 Nf6 7. Be2 Nbd7 8. 0-0 Be7 9. Qc2 0-0 10. h3 c6 11. d4 exd4 12. Nxd4 d5 13. exd5 cxd5 14. cxd5 Nxd5 15. Nxd5 Bxd5 16. Qf5 Nf6 17. Rfd1 Be4 18. Qe5 Bd6 19. Qb5 a6 20. Qb3 Bd5 21. Bc4 Bxc4 22. Qxc4 b5 23. Qb3 Ne4 24. Ne6 Qf6 25. Nxf8 Qe5 26. f4 Qe8 27. Ng6 Kh7 28. Ne5 f6 29. Qd3 f5 30. Qd5 Ra7 31. Rac1 Re7 32. Rc6 Bxe5 33. fxe5 Rxe5 34. Qd7 Qh5 35. Rxh6+ Qxh6 36. Bxh6 Kxh6 37. Rd5 Nf6 38. Qc6 Rxd5 39. Qxa6 Kg5 40. Qb7 Kg6 41. b3 Rd1+ 42. Kh2 Rd5 43. a4 bxa4 44. bxa4 Rd1 45. a5 Ne4 46. a6 1-0

[Event "WchT Seniors 65"]
[Site "Prague"]
[Date "2020.03.10"]
[Round "5.14"]
[White "Olsson, Torgny"]
[Black "Schulz, Michael"]
[Result "0-1"]
[WhiteElo "1800"]
[BlackElo "2122"]
[PlyCount "74"]
[EventDate "2020.03.06"]
[EventType "team-swiss"]
[EventRounds "7"]
[EventCountry "CZE"]
[SourceTitle "CBM 195 Extra"]
[Source "ChessBase"]
[SourceDate "2020.05.31"]
[SourceVersion "1"]
[SourceVersionDate "2020.05.31"]
[SourceQuality "1"]
[WhiteTeam "Sweden 65 V"]
[BlackTeam "Germany 65 VIII"]
[WhiteTeamCountry "SWE"]
[BlackTeamCountry "GER"]

1. d4 Nf6 2. Bf4 d5 3. e3 c5 4. Nc3 cxd4 5. exd4 a6 6. Nf3 Nc6 7. h3 e6 8. Be2 Bd6 9. Bxd6 Qxd6 10. 0-0 0-0 11. Bd3 Bd7 12. a3 Rfc8 13. Re1 Na5 14. Ne5 Nc4 15. Bxc4 dxc4 16. Ne4 Nxe4 17. Rxe4 Be8 18. c3 f6 19. Nf3 Bc6 20. Re3 Bd5 21. Qe2 b5 22. Nh4 a5 23. Nf3 b4 24. Nd2 bxc3 25. bxc3 Rab8 26. Ne4 Qc6 27. Nc5 e5 28. Ne4 exd4 29. cxd4 Bxe4 30. Rxe4 Qd5 31. Qc2 f5 32. Rf4 g6 33. Re1 c3 34. Re5 Qb3 35. Qxb3+ Rxb3 36. Rc5 Rxc5 37. dxc5 c2 0-1